UBT Library

Liberty and justice : (Record no. 42610)

000 -LEADER
fixed length control field 00658cam a22002291a 4500
001 - CONTROL NUMBER
control field 7943415
005 - DATE AND TIME OF LATEST TRANSACTION
control field 20180215042753.0
008 - FIXED-LENGTH DATA ELEMENTS--GENERAL INFORMATION
fixed length control field 740920s1958 nyu 001 0 eng
010 ## - LIBRARY OF CONGRESS CONTROL NUMBER
LC control number 58005061
035 ## - SYSTEM CONTROL NUMBER
System control number (OCoLC)1017280
040 ## - CATALOGING SOURCE
Original cataloging agency DLC
Transcribing agency OU
Modifying agency OCoLC
-- MoSU-L
-- NSyU
-- DLC
041 ## - LANGUAGE CODE
Language code of text/sound track or separate title eng
042 ## - AUTHENTICATION CODE
Authentication code premarc
043 ## - GEOGRAPHIC AREA CODE
Geographic area code n-us---
080 ## - UNIVERSAL DECIMAL CLASSIFICATION NUMBER
Universal Decimal Classification number 342.738
082 ## - DEWEY DECIMAL CLASSIFICATION NUMBER
Classification number 342.738 SMI
100 ## - Rafti
Rafti 19
101 ## - Shkurtesa
Shkurtesa SHP
245 00 - TITLE STATEMENT
Title Liberty and justice :
Statement of responsibility, etc edited by James Morton Smith and Paul L. Murphy.
906 ## - LOCAL DATA ELEMENT F, LDF (RLIN)
a 7
b cbc
c oclcrpl
d u
e ncip
f 19
g y-gencatlg
942 ## - ADDED ENTRY ELEMENTS (KOHA)
Source of classification or shelving scheme
Item type Books
Holdings
Withdrawn status Lost status Source of classification or shelving scheme Damaged status Not for loan Collection code Permanent location Current location Shelving location Date acquired Total Checkouts Full call number Barcode Date last seen Price effective from Koha item type
          Koleksioni i përgjithshem UBT - Lipjan UBT - Lipjan Koleksioni i përgjithshem 02/15/2018   342.738 SMI 002-2997368 02/15/2018 02/15/2018 Books
UBT Library © 2015-2024. All rights reserved University Education for Business and Technology